000 00272nam a2200121Ia 4500
008 191201s2013 xx 000 0 und d
100 _aVohra, N D
245 0 _aFutures and Options
260 _aN. delhi
_bTMH
_c2013
300 _a384
650 _aMBA
942 _2ddc
_cBK
_01
999 _c6054
_d6054